| 000 | | | 04172nmc2a2200000 x 450 |
| 001 | | | 81a1c006-8a2c-4e98-9ef9-02cc1781cfe5 |
| 005 | | | 20151229115112.0 |
| 100 | ## | $a | 20150422l18261828k l0rusy0189 ca |
| 101 | 0# | $a | rus |
| 102 | ## | $a | RU |
| 200 | 1# | $a | Дело о поднесении Николаю I профессором Петербургского университета Н.П. Щегловым своей книги "Хозяйственная ботаника" |
| | $j | 9 января 1826 г. - 20 декабря 1828 г. |
| 251 | ## | $c | Дело |
| 300 | ## | $a | Дело |
| 300 | ## | $a | Ориг. заголовок дела: Дело по просительному письму Санкт-Петербургского университета профессора Щеглова о поднесени на высочайшее благоусмотрение издаваемой им "Хозяйственной ботаники". 9 января 1826 г. - 20 декабря 1828 г |
| 801 | #0 | $a | RU |
| | $b | РГИА |
| | $c | 20150422 |
| | $g | RCR |
| 801 | #1 | $a | RU |
| | $b | ГлавНИВЦ |
| | $c | 20150422 |
| | $2 | rusmarc |
| 801 | #2 | $a | RU |
| | $b | ПБ им. Б.Н. Ельцина |
| | $c | 20151229 |
| | $g | RCR |
| | $2 | rusmarc |
| 850 | ## | $a | РГИА |
| 852 | ## | $a | РГИА |
| | $e | Федеральное казенное учреждение "Российский государственный исторический архив" (РГИА) |
| | $j | 261 |
| 937 | ## | $h | РГИА |
| | $d | 11440092 |
| | $a | ASBIBLIO_SCAN |
| 462 | #0 | $1 | 0017ff33d0d-4fb3-4ffd-a38b-3e370d0d7251 |
| | $1 | 2001 |
| | $a | Общие дела 1-го отделения Департамента народного просвещения за 1818-1840 гг. |
| | $1 | 251 |
| | $c | Опись |
| | $1 | 852 |
| | $j | 87 |
| 461 | #0 | $1 | 001a74412a3-3cc5-4d21-8f0a-dfe2fbd9e72d |
| | $1 | 2001 |
| | $a | Департамент народного просвещения Министерства народного просвещения |
| | $1 | 251 |
| | $c | Фонд |
| | $1 | 852 |
| | $j | 733 |
| 215 | ## | $a | 36 л. |
| | $d | 36,5х26 см |
| 371 | ## | $a | Документ не является опубликованным и широко распространяемым |
| 105 | ## | $a | y### |
| 122 | 2# | $a | d |
| 517 | 1# | $a | Дело по просительному письму Санкт-Петербургского университета профессора Щеглова о поднесени на высочайшее благоусмотрение издаваемой им "Хозяйственной ботаники". 9 января 1826 г. - 20 декабря 1828 г |
| 035 | ## | $a | 81a1c006-8a2c-4e98-9ef9-02cc1781cfe5 |